Southville International School and Colleges
Your cart is empty.
  • Cart
  • Lists
    Public lists Eva Luna New books Lux_list list_1
    Your lists Log in to create your own lists
  • Log in to your account
  • Your cookies
  • Search history
Southville International School and Colleges
  • Advanced search
  • Recent comments
  • Most popular
  • Libraries

Log in to your account

Log in with GOOGLE


If you do not have an external account, but do have a local account, you can still log in:

  1. Home
  2. MARC view: Fuszard's innovative teaching strategies in nursing /
Normal view MARC view ISBD view

Fuszard's innovative teaching strategies in nursing / (Record no. 284595)

[ view plain ]
MARC details
000 -LEADER
fixed length control field 00898nam a22002530 4500
001 - CONTROL NUMBER
control field ocm083421668x
003 - CONTROL NUMBER IDENTIFIER
control field PILC
005 - DATE AND TIME OF LATEST TRANSACTION
control field 20150905100628.0
008 - FIXED-LENGTH DATA ELEMENTS--GENERAL INFORMATION
fixed length control field 010913s2001
020 ## - INTERNATIONAL STANDARD BOOK NUMBER
International Standard Book Number 083421668X
050 ## - LIBRARY OF CONGRESS CALL NUMBER
Classification number RT 71
Item number .L917 2006
100 ## - MAIN ENTRY--PERSONAL NAME
Personal name Lowenstein, Arlene J.
245 10 - TITLE STATEMENT
Title Fuszard's innovative teaching strategies in nursing /
Statement of responsibility, etc Arlene J. Lowenstein, Martha J. Bradshaw.
250 ## - EDITION STATEMENT
Edition statement 3rd edition.
260 ## - PUBLICATION, DISTRIBUTION, ETC. (IMPRINT)
Place of publication, distribution, etc Boston :
Name of publisher, distributor, etc Jones and Bartlett Publishers,
Date of publication, distribution, etc 2006.
300 ## - PHYSICAL DESCRIPTION
Extent xx, 378 pages :
Other physical details illustrations ;
Dimensions 24 cm.
500 ## - GENERAL NOTE
General note Includes bibliographical references and index.
500 ## - GENERAL NOTE
General note Earlier ed. endered under: Innovative teaching strategies in nursing.
650 ## - SUBJECT ADDED ENTRY--TOPICAL TERM
Topical term or geographic name as entry element Education, Nursing.
650 ## - SUBJECT ADDED ENTRY--TOPICAL TERM
Topical term or geographic name as entry element Nursing
General subdivision Study and teaching.
650 ## - SUBJECT ADDED ENTRY--TOPICAL TERM
Topical term or geographic name as entry element Teaching
General subdivision Methods.
740 02 - ADDED ENTRY--UNCONTROLLED RELATED/ANALYTICAL TITLE
Uncontrolled related/analytical title Innovative teaching strategies in nursing.
942 ## - ADDED ENTRY ELEMENTS (KOHA)
Source of classification or shelving scheme Library of Congress Classification
Koha item type Books
Call number prefix Foreign
Holdings
Withdrawn status Lost status Source of classification or shelving scheme Damaged status Home library Current library Shelving location Date acquired Source of acquisition Sub Shelving location Total Checkouts Full call number Barcode Date last seen Price effective from Koha item type
    Library of Congress Classification   College Library College Library General Circulation Section 06/03/2015 Library Fund     RT 71 .L917 2006 C19531 05/15/2018 06/03/2015 Books

Fuszard's innovative teaching strategies in nursing /

APA

Lowenstein A. J., . (2006). Fuszard's innovative teaching strategies in nursing. Boston: Jones and Bartlett Publishers.

Chicago

Lowenstein Arlene J, . 2006. Fuszard's innovative teaching strategies in nursing. Boston: Jones and Bartlett Publishers.

Harvard

Lowenstein A. J., . (2006). Fuszard's innovative teaching strategies in nursing. Boston: Jones and Bartlett Publishers.

MLA

Lowenstein Arlene J, . Fuszard's innovative teaching strategies in nursing. Boston: Jones and Bartlett Publishers. 2006.

  • Place hold
  • Print
  • Cite
  • Add to your cart (remove)
  • Save record
    BIBTEX Dublin Core MARCXML MARC (non-Unicode/MARC-8) MARC (Unicode/UTF-8) MARC (Unicode/UTF-8, Standard) MODS (XML) RIS
  • More searches
    Search for this title in:
    Other Libraries (WorldCat) Other Databases (Google Scholar) Online Stores (Bookfinder.com) Open Library (openlibrary.org)

Exporting to Dublin Core...

SOUTHVILLE LIBRARY

Southville International School and Colleges Library

1281 Tropical Ave. Cor. Luxembourg St., BF Homes International, Las Pinas City

Tel. No. 8256374 / 252358 Loc. 117/146

Powered by Koha